000 00271nam a22001097a 4500
008 230704b xxu||||| |||| 00| 0 eng d
082 _a354.6
_bWAR 1985
245 _aReport of the Civil Service Review Committee 19785
260 _c1985
300 _a130p
942 _2ddc
_cBK
999 _c3735
_d3735